Artificial intelligence using LISP prolog (Record no. 2437)
[ view plain ]
| 000 -LEADER | |
|---|---|
| fixed length control field | 00687 a2200217 4500 |
| 001 - CONTROL NUMBER | |
| control field | 068788 |
| 003 - CONTROL NUMBER IDENTIFIER | |
| control field | OSt |
| 005 - DATE AND TIME OF LATEST TRANSACTION | |
| control field | 20220319142125.0 |
| 008 - FIXED-LENGTH DATA ELEMENTS--GENERAL INFORMATION | |
| fixed length control field | |
| 020 ## - INTERNATIONAL STANDARD BOOK NUMBER | |
| International Standard Book Number | 9788190698894 |
| 082 ## - DEWEY DECIMAL CLASSIFICATION NUMBER | |
| Classification number | 006.3 |
| Item number | T73C |
| 100 1# - MAIN ENTRY--PERSONAL NAME | |
| Personal name | Trivedi, Munesh Chandra |
| 245 1# - TITLE STATEMENT | |
| Title | Artificial intelligence using LISP prolog |
| Statement of responsibility, etc | by Munesh Chandra Trivedi, N.N. Jani and S.S. Saragdevot |
| 260 ## - PUBLICATION, DISTRIBUTION, ETC. (IMPRINT) | |
| Place of publication, distribution, etc | New Delhi |
| Name of publisher, distributor, etc | Khanna Book |
| Date of publication, distribution, etc | 2009 |
| 300 ## - PHYSICAL DESCRIPTION | |
| Extent | xiii, 523p. |
| 500 ## - GENERAL NOTE | |
| General note | The title appeared on the cover page is 'A classical approach to artificial intelligence' |
| 653 ## - INDEX TERM--UNCONTROLLED | |
| Uncontrolled term | Artificial intelligence |
| 700 ## - ADDED ENTRY--PERSONAL NAME | |
| Personal name | Jani, N.N. |
| 700 ## - ADDED ENTRY--PERSONAL NAME | |
| Personal name | Saragdevot, S.S. |
| 942 ## - ADDED ENTRY ELEMENTS (KOHA) | |
| Source of classification or shelving scheme | Dewey Decimal Classification |
| Koha item type | Books |
| Withdrawn status | Lost status | Source of classification or shelving scheme | Damaged status | Not for loan | Collection code | Home library | Current library | Date acquired | Source of acquisition | Cost, normal purchase price | Total Checkouts | Full call number | Barcode | Date last seen | Date checked out | Price effective from | Koha item type |
|---|---|---|---|---|---|---|---|---|---|---|---|---|---|---|---|---|---|
| Dewey Decimal Classification | General Text Book | Central University Of Rajasthan | Central University Of Rajasthan | 07/03/2012 | CSC | 295.00 | 2 | 006.3 T73C | 3075 | 21/11/2024 | 06/04/2023 | 02/09/2020 | Books |
